000 00446nam a22001697a 4500
003 MPLRDC
005 20220104172856.0
008 210129b ||||| |||| 00| 0 eng d
020 _a0-13-424375-7
082 _a805.179 MAG
100 _aROSALIE MAGGIO
245 _aHOW TO SAY IT, CHOICE WORDS, PHRASES, SENTENCES
_c
260 _a
_bPRENTICE HALL
_c1990
300 _b
650 _a英语作文--函牍格式
942 _cBK
_o805.179 MAG
999 _c59157
_d59147